Lo social desde el constructivismo y las teorías de la complejidad /

En las últimas décadas el estudio de lo social de las ciencias ha demostrado que las revoluciones científicas no pueden explicarse exclusivamente por el surguimiento de una teoría mejor, valiéndose para ello solamente de criterios científicos. En la ciencia, como en la cultura son constructoras y co...

Celý popis

Uloženo v:
Podrobná bibliografie
Hlavní autor: Romero Saint Bonnet, María Cristina
Médium: Text
Témata:
Tagy: Přidat tag
Žádné tagy, Buďte první, kdo vytvoří štítek k tomuto záznamu!

MARC

LEADER 00000 a a2200000 04500
001 13517
003
040
100 |a Romero Saint Bonnet, María Cristina  
245 |a Lo social desde el constructivismo y las teorías de la complejidad /  |c María Cristina Romero Saint Bonnet 
520 |a En las últimas décadas el estudio de lo social de las ciencias ha demostrado que las revoluciones científicas no pueden explicarse exclusivamente por el surguimiento de una teoría mejor, valiéndose para ello solamente de criterios científicos. En la ciencia, como en la cultura son constructoras y construídas por procesos sociales. Por ello se sostiene que un cuerpo de conocimientos no depende exclusivamente de su validez empírica, sino además, de procesos sociales como la comunicación, la negociación y el conflicto, de forma tal que la ciencia, los procesos culturales y la subjetividad humana están socialmente construídos e interconectados, o sea que constituyen un sistema abierto. Luego se menciona una serie de teorías importantes, entre ellas la física newtoniana, donde el conocimiento, la emoción y la acción son esferas incomunicadas e independientes. Posteriormente con la modernidad, en lo social se dio la confianza ilimitada en los poderes de la razón   |a por medio de "este proceso la ciencia impulsará el progreso permanente si los seres humanos sometieran sus sentimientos y acciones al dominio de la razón". Desde el plano filosófico se menciona la relación entre el orden y el desorden, viendo esto como una oposición e indicando que en las últimas décadas existe una conciencia del papel constructivo del desorden, de la auto-organización, de la no linealidad   |a en la actualidad la oposición entre el caos y el desorden son considerados como información compleja y no como ausencia de orden. OB/LOB  
650 |a CIENCIAS SOCIALES  
650 |a CAMBIO TECNOLOGICO  
650 |a MODERNIZACION  
650 |a PSICOLOGIA SOCIAL  
650 |a DESARROLLO SOCIAL  
773 |g número 55; páginas 19-26  
999 |c 30369  |d 30369